Chansons de méchants Disney - Statistiques

Statistiques générales
  • Ce quiz a été pris 275 fois
  • Le résultat moyen est 9 sur 24
Statistiques - réponses
Film Méchant Titre de la chanson % Correct
Le roi lion Scar Soyez prêtes
84%
La Belle et la bête Gaston, Le Fou Gaston
77%
Raiponce Mère Gothel N'écoute que moi
71%
La Reine des Neiges Hans L'amour est un cadeau
63%
Kaa Aie confiance
61%
La petite sirène Ursula Pauvres âmes en perdition
56%
Ratcliffe Des sauvages
54%
Le livre de la Jungle Le roi Louie Être un homme comme vous
52%
Gaston Tuons la bête
52%
Vaiana, la légende du bout du monde Tamatoa Bling-bling
48%
Aladdin Jafar (reprise) Prince Ali
47%
La princesse et la grenouille Docteur Facilier Mes amis de l'au-delà
41%
La belle et le clochard Si et Am La chanson des siamois
39%
Le bossu de Notre-Dame Frollo Infernale
36%
Pocahontas : une légende indienne Ratcliffe, Wiggins L'or de Virginie
33%
Pinocchio Grand Coquin La vie d'artiste
29%
Basil, détective privé Professeur Ratigan Le grand génie du mal
9%
Alice au pays de merveilles La reine de Coeur Qui ose peindre mes roses en rouge ?
9%
Peter Pan Capitaine Crochet, M.Mouche et les pirates Le roi des voleurs
6%
Vanessa (Ursula) La chanson de Vanessa
5%
Coquin de Printemps Willy le Géant Fi Fai Fo Fum
3%
La ferme se rebelle Alameda Slim Yodle-Adle-Eedle-Idle-Oo
3%
Rox et Rouky Amos Slade Chasseur avant tout
1%
Merlin l'enchanteur Madame Mim Zim zam ba rim bim
0%
Aucun quiz correspondant
Distribution des résultats
% des personnes avec chaque résultat
Percentile par nombre de réponses
Votre historique - résultats
Vous n’avez pas pris ce quiz